000
00258nam a2200097Ia 4500
001
1251154
005
20251031150910.0
008
251031s9999 xx 000 0 und d
245
0
_c
ÇİĞDEM ÇINGIL BARIŞ
_a
I-4 DAHA YAKINDAN BAK!
260
_b
CEZVE YAYINLARI
999
_c
1251154
_d
1251154